MDQL
is popping MORE tags! Check the
thread
!
Quizzes
Events
Quiz Creation
Community
Videos
Private Events
Remove Ads
Sign In
Join for FREE
Feedback
Dark Mode
Quiz Categories
Sports
Geography
Music
Movies
Television
Just For Fun
Miscellaneous
History
Literature
Language
Science
Gaming
Entertainment
Religion
Holiday
For Kids
Quiz Lab
Recent
Popular Today
Quiz Kudos Today
Editor Picks
Curator Picks
Quizzes by...
Day
Popularity
Type
Ratings
Length
Year
Community
Subscriptions
Recent Discussions
Orange Saloon
Badges
Playlists
Quests
Create
Leaderboards
Showdown
Live 5
Trivia Bingo
Activity
Puzzle Library
Sporcle Events
Private Events
Virtual Trivia
Globe League
Become a Host
Pub Owners
SporcleCon
Opinionation
Our Games
Videos
Blog
Mobile Apps
Partnerships
Remove Ads and Go Orange
Feedback
Literature
Harry Potter
A Song of Ice and Fire
The Hunger Games
Literary Character
Shakespeare
Book
Author
Novel
Poem
Young Adult
Children's Books
Play
Lord of the Rings
Literature
Harry Potter
A Song of Ice and Fire
The Hunger Games
Literary Character
Shakespeare
Book
Author
Novel
Poem
Young Adult
Children's Books
Play
Lord of the Rings
Random Quiz
Search Sporcle
×
Curator Pick
Curator Pick
Literature
Book
Select answers by clicking on text or image buttons
Select answers by clicking on text or image buttons
Clickable
Best Score? Go Orange.
ASOIAF first names Stats
Can you pick the actual characters in ASOIAF (now without minefield)?
By
dupinka
6m
99 Questions
20.3K Plays
20,291 Plays
20,291 Plays
Comments
Comments
Give Quiz Kudos
Give Quiz Kudos
-
- Ratings
hide this ad
More Info
Random Order
Randomize order of answers
Randomize order of answers
Replay
Link that replays current quiz
Next Quiz
Link to next quiz in quiz playlist
You Got
0%
They Got
Avg Score
59%
Avg Friend Score
Upgrade to see
Score Distribution
Jump to the score distribution portion of the page
Score
0/99
Timer
06:00
0
Plays Today
% Correct
Joffrey
66.6%
Tyrion
66.6%
Sansa
66.5%
Cersei
66.5%
Eddard
66.5%
Robb
66.3%
Rhaegar
66.3%
Stannis
66.2%
Viserys
66.2%
Jorah
66.1%
Petyr
66.1%
Catelyn
66.1%
Varys
66.1%
Brienne
65.9%
Benjen
65.8%
Arya
65.9%
Davos
65.8%
Jon
65.8%
Bronn
65.6%
Gendry
65.6%
Jaime
65.6%
Barristan
65.5%
Sandor
65.5%
Margaery
65.5%
Aegon
65.5%
Lysa
65.4%
Robert
65.4%
Gregor
65.2%
Mance
65.2%
Lancel
65.1%
Nymeria
65%
Illyrio
65%
Aemon
64.9%
% Correct
Pycelle
64.7%
Syrio
64.5%
Roose
64.3%
Oberyn
64.3%
Jojen
64.2%
Balon
64.2%
Beric
64.1%
Ilyn
64.1%
Baelor
64.1%
Rodrik
63.8%
Janos
63.4%
Hoster
63.4%
Rickard
63.2%
Jeor
63%
Euron
62.4%
Shireen
62.4%
Olenna
62.3%
Victarion
62.2%
Gilly
62.1%
Dontos
62.1%
Irri
62%
Missandei
61.7%
Selyse
61.3%
Doran
61.1%
Qyburn
61%
Quentyn
60.8%
Meryn
60.2%
Doreah
60.2%
Grenn
60.1%
Mace
59.9%
Randyll
59.9%
Mycah
59.5%
Lollys
59.5%
% Correct
Willas
59.4%
Edric
59.4%
Walda
59.3%
Jhiqui
59.3%
Arys
58.3%
Amory
57.2%
Cleos
57.1%
Osney
57%
Trystane
56.5%
Timett
56.4%
Wyman
56.4%
Obara
55.1%
Rakharo
54.9%
Alysanne
54.7%
Val
54.1%
Marillion
53.1%
Tyene
52.4%
Varamyr
51.8%
Gerold
51.6%
Quaithe
51.5%
Lem
51.5%
Dagmer
51.1%
Alayaya
50.4%
Chiswyck
48.7%
Jalabhar
48%
Eddison
43.6%
Jocelyn
43.6%
Vardis
41.1%
Sarella
40.6%
Hyle
39.6%
Ronnet
38.3%
Arnolf
37.1%
Addam
36.6%
Quiz Playlist
Details
Report
Send in Message
Add To Playlist
More Info:
Choose the actual first names of characters in ASOIAF. Minefield now deactivated due to poular request.
Clickable:
Select answers by clicking on text or image buttons
Random Order:
Randomize order of answers
Quiz Source
Last Updated: Sep 11, 2017
Curator Pick in
A Song of Ice and Fire
Quiz Scoreboard
CHALLENGE
Sign Up to Join the Scoreboard
Show All
Scores
Hide
Comments
May contain spoilers
Recently Published
Colored Red Africa Blitz
by spor1
Geography
30s
Find the 'City' Movie
by crazypaving
Movies
60s
5x2 Blitz: Bands
by SL_Kpop136
Music
30s
More to Explore
Quiz From the Vault
Featured Blog Post
14 Easter Pick-up Lines to Find Eggs With
hide this ad
You Might Also Like...
Tags
A Song of Ice and Fire Quiz
Book Quiz
Clickable Quiz
TV Show Quiz
asoiaf
Game of Thrones
George RR Martin
name
Today's Top Quizzes in Literature
Browse Literature
hide this ad
Today's Top Quizzes in Book
Browse Book
Top Contributed Quizzes in Literature
1
Sneaky Slytherin Logic Puzzle
2
Mini Trivia Sudoku: A Song of Ice and Fire
3
The Hunger Games Logic Puzzle: Find Katniss
4
One Thing in Common: Literature II
5
Harry Potter Clickable Logic Puzzle #4
6
A Harry Potter Logic Puzzle
7
Harry Potter Video Game Releases
8
Pick 3: Harry Potter Classmates
9
Click the Dead Men
10
Silmarillion Characters by Any 3 Letters
Explore More
Trending Topics
Crossword
Disney
Anime
Harry Potter
NBA
Kpop
Marvel
Pokémon
The Office
NFL
Country
Puzzle
Song
Soccer
WWE
hide this ad
More By:
dupinka
Quiz
Plays
Rating
Category
Featured
Created
ASOIAF first names
20,291
4.26
Literature
Jun 5, 2012
Go to Creator's Profile
Score Distribution
Quiz Creator Spotlight
dupinka
Follow
Send a Message
Quizzes Created
-
Created Quiz Play Count
-
More By This Creator
Popular Quizzes Today
1
Find the 'City' Movie
2
5x2 Blitz: Bands
3
Colored Red Africa Blitz
4
Find the US States - No Outlines Minefield
5
The Countries of the World
6
Find the US States
7
9x9 Crossword: Cartoon Network
8
US States
More Literature Quizzes
Anyone But Gregory Goyle
Quiz Lab
Trending Quizzes
Colored Red Europe Blitz I
Colored Red Africa Blitz II
Colored Red Africa Blitz III
Colored Red Europe Blitz III
Colored Red Europe Blitz II
Recently Updated
Champions League XIs: Real Madrid
pecheneg
Largest US Cities 1790-2010
pecheneg
Rides in Walt Disney World
pecheneg
Most Oscar Losses (Acting)
pecheneg
Beyoncé Albums
pecheneg
Leaping Animals
pecheneg
Reality TV Shows (A-Z)
bhenderson79
Rickey Henderson's Hall of Fame Teammates
pecheneg
Champions League XIs: Arsenal
pecheneg
Quick Pick: Celebrities in WWE's Hall of Fame
aduchscher
Trending Topics
Marvel
Kpop
NBA
Disney
Harry Potter
Anime
Crossword
The Office
Song
WWE
Pokémon
Country
NFL
Puzzle
Soccer
Your Account Isn't Verified!
In order to create a playlist on Sporcle, you need to verify the email address you used during registration. Go to your
Sporcle Settings
to finish the process.
Report this User
Report this user for behavior that violates our
Community Guidelines
.
Details:
Send Report
Go to the Sporcle.com Mobile Site →
Comments